| 000 | 01495nam0a22003131 4500 | ||
|---|---|---|---|
| 001 | RU\NLR\INFOCOMM_161\5000044491 | ||
| 005 | 20250613091750.0 | ||
| 035 | _a(NLR Aleph) 009130535 | ||
| 090 |
_a8274206 _c8274206 |
||
| 100 | _a20090612d1968 |||y0rusy50 ca | ||
| 101 | 0 | _aeng | |
| 102 | _aRU | ||
| 105 | _ay ||||000|y | ||
| 200 | 1 |
_aThe first artificial satellite, the beginning of space age and further development of peaceful conquest of space _f[By] A. A. Blagonravov _gPresented by the Government of the USSR |
|
| 210 |
_a[Μ. _d1968] |
||
| 215 |
_a28 с. _d29 см |
||
| 225 | 1 |
_aUnited Nations Conference on exploration and peaceful uses of outer space _vInt. 9 |
|
| 300 | _aБез тит. л. и обл. | ||
| 300 | _aВ вып. дан.: Благонравов А. А. Первый искусственный спутник Земли - начало космической эры и дальнейшее развитие мирного освоения космоса | ||
| 309 | _aОтпеч. множит. аппаратом на одной стороне листа | ||
| 606 |
_aИскусственный спутник Земли _2nlr_sh1 |
||
| 686 |
_aТ25-412 _2rubbk |
||
| 700 | 1 |
_aBlagonravov _bA. A. _f1894- _gAnatolij Arkad'evič _4070 |
|
| 712 | 0 | 2 |
_aUnited Nations _bConference on the exploration and peaceful uses of outer space _eGeneva _f1968 _4000 |
| 801 | 1 |
_aRU _bNLR _c20090612 |
|
| 801 | 0 |
_aRU _bNLR _gPSBO |
|
| 852 |
_aNLR _jТ93 Д-8/5 |
||
| 942 | _cBOOK | ||
| 980 | _aNB | ||